00932cam a2200277 a 450000500170000000800410001702000180005802000150007608200130009110000190010424500430012325000120016626000330017830000100021150000760022165000240029765000230032165000230034465000430036765000240041065100180043470000180045294200160047099900090048695201590049520230916134737.0150903s2013 sa b 001 0 eng d a9780409053067 a040905306604a342.68021 aBurns, Yvonne.10aAdministrative law /cby Yvonne Burns. a4th ed. aDurban :bLexisNexis,c2013. c23 cm aPreviously titled Administrative law under the 1996 Constitution, 2006. 0aAdministrative law. 0aAdministrative law 0aConstitutional law 0aJudicial review of administrative acts 7aAdministrative law. 7aSouth Africa.1 aBurns, Yvonne cBK6EMILLIE c5d5 00102ddc406342_000000000000000_BUR70910aLSNbLSNcCALd2023-09-16ePurchasel1o342 BURpLSN/2015/4r2025-11-04 12:30:02s2025-10-31w2023-09-16yBK